000 01643nam a2200217 4500
005 20251029195845.0
008 190415s2025 000 0 eng d
040 _aCO-CtgCURN
_bspa
_ccoctgcurn
082 0 _aINQ 2025
_bB139
100 1 _aBaena Salazar, Melissa.
245 1 0 _aExperiencias de mujeres nulíparas histerectomizadas en una clínica gineco obstétrica de Cartagena /
_cMelissa Baena Salazar; Asesor: Alvaro Quintana Salcedo.
260 _aCartagena de Indias :
_bCorporación Universitaria Rafael Nuñez,
_c2025.
300 _a80 hojas.
504 _aTrabajo de grado (Instrumentación quirúrgica). Corporación Universitaria Rafael Nuñez. Facultad de Ciencias de la Salud. Instrumentación Quirúrgica, 2025.
520 _a"La histerectomía es una intervención quirúrgica en la que se extrae el útero, generalmente como último recurso terapéutico después de un largo período de síntomas ginecológicos. Se realiza tanto por patologías benignas como malignas, y se puede realizar a través de diferentes vías, como la vaginal, abdominal o laparoscópica. A nivel mundial, se estima que se realizan alrededor de 600.000 histerectomías al año, siendo el 80% las indicadas por patología benigna"
650 0 _aInstrumentación quirúrgica
_vTesis y disertaciones academicas.
700 1 _aQuintana Salcedo, Alvaro,
_eAsesor.
856 _uhttps://unicurn.sharepoint.com/:b:/s/biblioteca/EYpGoZVFI-tEq3ZKuw8GNswBhHhP_ZXoN_UU__55EqgZwA?e=J75BM7
_zClick aqui para ver el recurso en texto completo
942 _2ddc
_cTG
_hINQ 2025
_iB139
999 _c50231
_d50231